Nuclear and Particle Physics/ (Record no. 36343)

MARC details
000 -LEADER
fixed length control field 00518nam a22001817a 4500
005 - DATE AND TIME OF LATEST TRANSACTION
control field 20240808114931.0
008 - FIXED-LENGTH DATA ELEMENTS--GENERAL INFORMATION
fixed length control field 240808b |||||||| |||| 00| 0 eng d
020 ## - INTERNATIONAL STANDARD BOOK NUMBER
ISBN 978-81-3090-040-7
082 ## - DEWEY DECIMAL CLASSIFICATION NUMBER
Classification number 539.7
Item number KAK-N
100 ## - MAIN ENTRY--AUTHOR
Author Name Kakani, S. L
245 ## - TITLE STATEMENT
Title Nuclear and Particle Physics/
Statement of responsibility, etc. by S. L. Kakani, Shubhra Kakani
260 ## - PUBLICATION, DISTRIBUTION, ETC.
Place of Publication India :
Name of publisher, distributor, etc. Viva Books ;
Date of publication, distribution, etc. 2008 .
300 ## - PHYSICAL DESCRIPTION
Pages viii, 965 p. :
500 ## - GENERAL NOTE
General note Include Index.
650 ## - SUBJECT ADDED ENTRY--TOPICAL TERM
Subject / Department Technical/Engineering
700 ## - ADDED ENTRY--PERSONAL NAME
Personal name Kakani, Shubhra
300 ## - PHYSICAL DESCRIPTION
-- 24 cm .
952 ## - LOCATION AND ITEM INFORMATION (KOHA)
-- 0
-- 0
952 ## - LOCATION AND ITEM INFORMATION (KOHA)
-- 0
-- 0
952 ## - LOCATION AND ITEM INFORMATION (KOHA)
-- 0
-- 0
952 ## - LOCATION AND ITEM INFORMATION (KOHA)
-- 0
-- 0
952 ## - LOCATION AND ITEM INFORMATION (KOHA)
-- 0
-- 0
952 ## - LOCATION AND ITEM INFORMATION (KOHA)
-- 0
-- 0
Holdings
Lost status Damaged status Collection code Permanent Location Current Location Shelving Location Date acquired Full Call Number Accession No./Barcode Date last seen Copy number item type Koha item type
    Economics/Commerce Superior Information Resource Center (SIRC) Superior University- Main Campus Superior Information Resource Center (SIRC) Superior University- Main Campus Technical 08/08/2024 539.7 KAK-N 2008 4406 08/08/2024 1 BOOK BOOK
    Economics/Commerce Superior Information Resource Center (SIRC) Superior University- Main Campus Superior Information Resource Center (SIRC) Superior University- Main Campus Technical 08/08/2024 539.7 KAK-N 2008 1815 08/08/2024 2 BOOK BOOK
    Economics/Commerce Superior Information Resource Center (SIRC) Superior University- Main Campus Superior Information Resource Center (SIRC) Superior University- Main Campus Technical 08/08/2024 539.7 KAK-N 2008 6244 08/08/2024 3 BOOK BOOK
    Economics/Commerce Superior Information Resource Center (SIRC) Superior University- Main Campus Superior Information Resource Center (SIRC) Superior University- Main Campus Technical 08/08/2024 539.7 KAK-N 2008 6245 08/08/2024 4 BOOK BOOK
    Economics/Commerce Superior Information Resource Center (SIRC) Superior University- Main Campus Superior Information Resource Center (SIRC) Superior University- Main Campus Technical 08/08/2024 539.7 KAK-N 2008 6275 08/08/2024 5 BOOK BOOK
    Economics/Commerce Superior Information Resource Center (SIRC) Superior University- Main Campus Superior Information Resource Center (SIRC) Superior University- Main Campus Technical 08/08/2024 539.7 KAK-N 2008 6276 08/08/2024 6 BOOK BOOK

Powered by Koha